000 00367nam a2200157Ia 4500
008 230524s9999 xx 000 0 und d
082 _a612
_bPAL
100 _aP.K.Palanisamy
245 0 _aRelativity And Quantum Mechanics
250 _a1ST
260 _aNEW DELHI
_c2008
300 _aXI;520
500 _aQuantity Number: 5
650 _aPhysics
942 _cBK
999 _c39398
_d39398